00741cam a2200229u 450000100060000000300080000600500170001400800390003103500190007004000240008904100080011308200200012110000550014124500420019626000420023830000210028050400190030165000190032094200120033999900170035195201430036830407BD-RjUL20211209051547.0140409s1924 enk 001 0 eng a(BD-RjUL)30492 aDLCcCarPdDLCbeng aeng a154.1bEDT 19241 aEdgell, Beatrice,d1871- [from old catalog]99240100aTheories of memory /cBeatrice Edgell aOxford :bThe Clarendon press,c1924. a174 p. ;c20 cm. aincludes index 0aMemory.992402 2ddccBK c30407d30407 00102ddc40718NFICaRUCLbRUCLcReadingd1956-03-06eB. H. Blackwellg0.65l0o154.1 EDT 1924r2014-04-09 00:00:00tC-1w2014-04-09yBK